00309nam a2200133Ia 4500003000400000005001700004008004100021020001800062040002000080100001900100100000900119245003200128260001500160OSt20231211072635.0170524s9999 xx 000 0 und d a9788125936312 cIIMT UNIVERSITY aSAXENA- SANJAY c2010 2aA FIRST COURSE IN COMPUTERS aVikas Pub.